000 01253njm a22002657a 4500
005 20100909101331.0
007 sd ammalaaahaa
008 100909t xxu||||| |||| 00| 0 hin d
028 _aN. 54802
_bHis Master's Voice
035 _aGR-01441
040 _aSED/VEN
100 _aMangeshkar, Lata
_919035
245 _aEk sapera ek lutera :
_bhindustani /
_cby Lata Mangeshkar [and] Mohd. Rafi ; music by Usha Khanna ; lyric by Asad Bhopali
_h[sound recording] :
246 _aएक सपेरा एक लुटेरा (लता मंगेशकर और मोहमद . रफ़ी)
260 _aDum Dum, India
_bHis Master's Voice
_c1965
300 _a1 sound record [Gramohpone record] :
_banalog, 33. 1/3 rpm
_c10 in.
_fGramohpone record
500 _aBrief record.
505 _a Mere Sanam (Lata Mangeshkar) मेरे सनम भाग १, Hum tumse se juda ho के (Mohd. Rafi) हम तुमसे से जुदा हो के भाग २
_g
650 _aClassical Music
_xExcerpts
_zIndia
_919036
700 _aMohd. Rafi
_919051
700 _aKhanna, Usha
_919096
700 _aBhopali, Asad
_919097
942 _2ddc
_cGR
999 _c44729
_d44729